01182ny a22002773n 450000500170000000800410001702200140005803500090007204000140008109000150009524500640011025600250017426000780019931000140027750601850029165000530047665000650052971000510059474000400064584300270068585300300071285600400074294200080078295200950079099900190088520240305165336.0910904c19929999txufr1p og 0 a0eng d a1058-5427 a4052 aUCAdvLex c1807d180700aTexas journal of women and the lawh[Recurso electrónico] aServicio en línea. aAustin, Tex. :bUniversity of Texas at Austin, School of Law Publications aSemestral1 aContenido solo disponible en los productos indicadosdvLex GlobaldvLex Global (Academic Edition, excluding Law Schools)dvLex Global (U.S. Academic Edition, excluding Law Schools)04aDiscriminación sexualxDerechozEstados Unidos04aMujeresxDerechozEstados UnidosxPublicaciones periódicas2 aUniversity of Texas at Austin.bSchool of Law.0 avLex Revista (Servicios en línea) aElectrónica. Abierta 81i(year)j(month)k(day)40uhttps://app.vlex.com/#/sources/4052 cRAA 001040708VLEX9318359aBD-UINbBD-UINd2024-03-05l0p4052r2024-03-05w2024-03-05yRAA c160269d160269